000
00200nam a22000857a 4500
008
170302b xxu||||| |||| 00| 0 eng d
100
_9
2995
_a
CBSE
245
_a
Hindi CCE IX
260
_a
New Delhi
_b
CBSE
_c
2011
999
_c
6238
_d
6238